Entry Nombre personal
001 - NÚMERO DE CONTROL
- campo de control: 55672
003 - IDENTIFICADOR DE NÚMERO DE CONTROL
- campo de control: OSt
005 - FECHA Y HORA DE LA ÚLTIMA TRANSACCIÓN
- campo de control: 20250904204904.0
008 - ELEMENTOS DE DATO DE LONGITUD-FIJA
- campo de control de longitud fija: 040630 n acnnnaaan n ann d
040 ## - FUENTE DE CATALOGACIÓN
- Centro catalogador/agencia de origen: OSt
- Centro/agencia transcriptor: OSt
100 1# - ENCABEZAMIENTO-NOMBRE DE PERSONA
- Nombre de persona: Garrido, Fernando,
- Fechas asociadas al nombre: 1821-1883
400 1# - TRAZADO DE VÉASE--NOMBRE DE PERSONA
- Nombre de persona: El Ermitaño de las Peñuelas (
- Fechas asociadas al nombre: 1821-1883)
400 1# - TRAZADO DE VÉASE--NOMBRE DE PERSONA
- Nombre de persona: Ermitaño de las Peñuelas (
- Fechas asociadas al nombre: 1821-1883)
400 1# - TRAZADO DE VÉASE--NOMBRE DE PERSONA
- Nombre de persona: Garrido Tortosa, Fernando (
- Fechas asociadas al nombre: 1821-1883)
400 1# - TRAZADO DE VÉASE--NOMBRE DE PERSONA
- Nombre de persona: Torres de Castilla, Alfonso (
- Fechas asociadas al nombre: 1821-1883)
